000 00573nam a2200217Ia 4500
003 OSt
005 20230316123752.0
008 210210b2005 xxu||||| |||| 00| 0 eng d
040 _cAL
041 _aEnglish
082 _a382 CHEI
100 _aCHERUNILAM (Francis).
_975745
245 _aInternational trade and export management.
250 _a14
260 _aMumbai
_bHimalaya Publishing House
_c2005
300 _a524
650 _aInternational Trade, Export Management
_975746
690 _aInternational Trade
_975747
906 _a060236
942 _2ddc
_cBK
999 _c107404
_d107404